| 000 | 00546nam a2200205 i 4500 | ||
|---|---|---|---|
| 001 | bg | ||
| 100 | 1 | _aBERK, A. A. | |
| 245 | 0 |
_aMicro-Prolog and artificial intelligence / _cA.A. Berk. |
|
| 260 |
_aLondon : _bCollins, _c1985. |
||
| 490 | 1 | _aComputer Program Language | |
| 650 | 9 |
_aMikrokomputery _xprogramowanie |
|
| 650 | 9 | _aInteligencja sztuczna | |
| 650 | 9 | _aMicro-Prolog | |
| 830 | _aComputer Program Language | ||
| 040 | _cBPK | ||
| 041 | _apol | ||
| 080 | _a004:001.5 | ||
| 942 | _cKS | ||
| 008 | s pl f |000 0 pol | ||
| 999 |
_c23821 _d23821 |
||
| 856 |
_uhttp://koha.tu.koszalin.pl/cgi-bin/koha/opac-detail.pl?biblionumber=23821 _yKatalog online BPK |
||